Stany w USA z największą liczbą ludności - Statystyki

Ogólne statystyki
  • Ten quiz został rozwiązany 152 razy
  • Średni wynik to 8 z 10
Statystyki odpowiedzi
Miejsce Stan Ludność % Poprawnych
1 Kalifornia 38 889 770
95%
4 Nowy Jork 19 469 232
95%
2 Teksas 30 976 754
95%
3 Floryda 22 975 931
93%
6 Illinois 12 516 863
69%
9 Karolina Północna 10 975 017
65%
7 Ohio 11 812 173
65%
5 Pensylwania 12 951 275
65%
8 Georgia 11 145 304
58%
10 Michigan 10 041 241
56%
Nie znaleziono quizów pasujących do podanych kryteriów
Rozkład punktacji
Procent ludzi z każdym wynikiem
Percentyl według liczby udzielonych odpowiedzi
Twoja historia wyników
Nie rozwiązałeś tego quizu